000 00739nam a2200253 i 4500
003 DO-SdBNP
005 20260209132058.0
006 a||||gr|||| 00| 0
007 ta
008 260209e2015 dr ||||| |||| 00| 0 spa d
040 _aDO-SdBNP
_bspa
_cBNPHU
_erda
041 _aspa
082 4 _axxx
_bR426m
_222
110 _aRepública Dominicana.
_bBanco del Reservas
_988977
245 1 0 _aMemoria 2014 :
_cdominicanos orgullo de origen
264 _aSanto Domingo :
_bBanreservas,
_c2015
300 _a149 páginas :
_bIlustraciones ;
_c31 cm.
336 _2rdacontent
_atexto
_btxt
337 _2rdamedia
_asin mediación
_bn
338 _2rdacarrier
_avolumen
_bnc
590 _aInventariado 2026/DG
910 _aDG
942 _2ddc
_cLBS1
999 _c60269
_d60269